LEADER 01247nam 2200397 450 001 9910511707903321 010 $a1-4648-1355-8 035 $a(CKB)4100000007177142 035 $a(MiAaPQ)EBC5606057 035 $a(EXLCZ)994100000007177142 100 $a20181221d2019 uy 0 101 0 $aeng 135 $aurcnu|||||||| 181 $ctxt$2rdacontent 182 $cc$2rdamedia 183 $acr$2rdacarrier 200 00$a2018 Information and communications for development $edata-driven dvelopment 210 1$aWashington, DC :$cWorld Bank Group,$d[2019] 210 4$dİ2019 215 $a1 online resource (208 pages) 311 $a1-4648-1325-6 606 $aInformation technology$xEconomic aspects$zDeveloping countries 606 $aCommunication$zDeveloping countries 606 $aInformation services$zDeveloping countries 608 $aElectronic books. 615 0$aInformation technology$xEconomic aspects 615 0$aCommunication 615 0$aInformation services 676 $a303.4833091724 801 0$bMiAaPQ 801 1$bMiAaPQ 801 2$bMiAaPQ 906 $aBOOK 912 $a9910511707903321 996 $a2018 Information and communications for development$92548855 997 $aUNINA LEADER 02349oam 2200649I 450 001 9910525230703321 005 20200520144314.0 010 $a1-136-80031-X 010 $a0-429-23915-7 010 $a0-203-82729-5 010 $a1-283-88290-6 010 $a1-136-80032-8 024 7 $a10.4324/9780203827291 035 $a(CKB)2550000000710059 035 $a(EBL)668708 035 $a(OCoLC)764571650 035 $a(SSID)ssj0000810478 035 $a(PQKBManifestationID)11431996 035 $a(PQKBTitleCode)TC0000810478 035 $a(PQKBWorkID)10846311 035 $a(PQKB)10429764 035 $a(MiAaPQ)EBC668708 035 $a(Au-PeEL)EBL668708 035 $a(CaPaEBR)ebr10636193 035 $a(CaONFJC)MIL419540 035 $a(OCoLC)900420241 035 $a(EXLCZ)992550000000710059 100 $a20180706d2005 uy 0 101 0 $aeng 135 $aur|n|---||||| 181 $ctxt 182 $cc 183 $acr 200 10$aBallroom dancing /$fAlex Moore ; foreword by Philip J.S. Richardson 205 $a10th ed. 210 1$aNew York :$cRoutledge,$d2005. 215 $a1 online resource (321 p.) 225 1 $aTheatre arts book 300 $a"With 100 diagrams of the quickstep, waltz, foxtrot, tango, etc." 311 $a0-87830-153-4 327 $asection 1. The quickstep -- section 2. The waltz -- section 3. The foxtrot -- section 4. The tango -- section 5. Rhythm dancing (social foxtrot and quickstep) -- section 6. The Viennese waltz -- section 7. For the keen dancer -- section 8. Ballroom party dances. 330 $aNow in its tenth edition, this classic and comprehensive handbook has been revised to bring it up to date in keeping with changes on the dance floor and in the rules of dance competitions. The Quickstep, Waltz, Foxtrot, and Tango are all illustrated and described in great detail. 410 0$aTheatre Arts book. 606 $aBallroom dancing 608 $aElectronic books. 615 0$aBallroom dancing. 676 $a793.33 676 $a910.452 700 $aMoore$b Alex.$01127411 701 $aRichardson$b P. J. S$g(Philip John Sampey),$fb. 1875.$0141709 801 0$bMiAaPQ 801 1$bMiAaPQ 801 2$bMiAaPQ 906 $aBOOK 912 $a9910525230703321 996 $aBallroom dancing$92659272 997 $aUNINA